| 000 | 00869nam a22002777a 4500 | ||
|---|---|---|---|
| 001 | 8479 | ||
| 003 | FISKH | ||
| 005 | 20251203131146.0 | ||
| 008 | 250915b cb ||||| |||| 00| 0 eng d | ||
| 020 | _a9780590761536 | ||
| 040 |
_aFISKH _beng _cFISKH _dFISKH |
||
| 050 | _a QL737.C27 C365 | ||
| 082 | _a599.786 | ||
| 100 | _aCanizares, Susan | ||
| 245 |
_aPolar bears / _cBy Susan Canizares and Daniel Moreton |
||
| 260 |
_aNew York : _bScholastic , _c1998. |
||
| 300 |
_a16 unnumbered pages : _bcolor illustrations ; _c18 x 21cm . |
||
| 490 | _aScience Emergent Readers | ||
| 505 | _aD | ||
| 520 | _aPhotographs and simple text depict the daily activities of polar bears in the Arctic. | ||
| 521 | 8 |
_a160
_bLexile estimate |
|
| 521 | 8 |
_aD
_bRaz-Plus |
|
| 650 |
_aPolar Bears _vJuvenile Literature |
||
| 942 |
_2ddc _cBK _n0 |
||
| 999 |
_c8479 _d8479 |
||